Study on the social mobility of the rural scheduled caste population in Andhra Pradesh (Record no. 21865)
[ view plain ]
| 000 -LEADER | |
|---|---|
| fixed length control field | 00484nam a2200145Ia 4500 |
| 082 ## - DEWEY DECIMAL CLASSIFICATION NUMBER | |
| Classification number | RE.0016 |
| 100 ## - MAIN ENTRY--AUTHOR NAME | |
| Personal name | Eswaraiah, G. |
| 245 #0 - TITLE STATEMENT | |
| Title | Study on the social mobility of the rural scheduled caste population in Andhra Pradesh |
| 260 ## - PUBLICATION, DISTRIBUTION, ETC. (IMPRINT) | |
| Year of publication | 0 |
| Name of publisher | Indian Council of Social Science Research, New Delhi |
| 300 ## - PHYSICAL DESCRIPTION | |
| Number of Pages | 118 |
| 504 ## - BIBLIOGRAPHY, ETC. NOTE | |
| Bibliography, etc | includes bibliography |
| 650 ## - SUBJECT ADDED ENTRY--TOPICAL TERM | |
| Topical Term | Scheduled castes and scheduled tribes |
| Geographic subdivision | Andhra Pradesh |
| 650 ## - SUBJECT ADDED ENTRY--TOPICAL TERM | |
| Topical Term | Social mobility |
| Geographic subdivision | Andhra Pradesh |
| 942 ## - ADDED ENTRY ELEMENTS (KOHA) | |
| Koha item type | Research Reports |
| Source of classification or shelving scheme | Dewey Decimal Classification |
| Withdrawn status | Lost status | Damaged status | Not for loan | Collection code | Home library | Current library | Date acquired | Source of acquisition | Bill Date | Full call number | Accession Number | Price effective from | Koha item type |
|---|---|---|---|---|---|---|---|---|---|---|---|---|---|
| Not For Loan | ICSSR Research Project Reports | NASSDOC Library | NASSDOC Library | 02/04/2008 | Gifted by : R P Division, ICSSR | 2008-03-20 | RE.0016 | 44321 | 18/04/2019 | Research Reports |
